El contexto familiar del alumnado en riesgo de abandono escolar temprano según la tipología familiar (Record no. 191274)

MARC details
000 -CABECERA
campo de control de longitud fija 02956cab a2200313 ab4500
005 - FECHA Y HORA DE LA ÚLTIMA TRANSACCIÓN
campo de control 20231124115727.0
008 - ELEMENTOS DE LONGITUD FIJA--INFORMACIÓN GENERAL
campo de control de longitud fija 991125c2015 sp tr p o 000 0 spa d
035 ## - NÚMERO DE CONTROL DEL SISTEMA
Número de control de sistema UPN01000219174
040 ## - FUENTE DE LA CATALOGACIÓN
Centro catalogador/agencia de origen MX-MxUPN
Lengua de catalogación spa
Centro/agencia transcriptor MX-MxUPN
Normas de descripción aacr2
049 ## - COLECCIÓN
Colección ART-E
100 1# - ASIENTO PRINCIPAL--NOMBRE PERSONAL
Nombre de persona Martín Quintana, Juan Carlos
100 1# - ASIENTO PRINCIPAL--NOMBRE PERSONAL
Filiación juancarlos.martin@ulpgc.es
100 1# - ASIENTO PRINCIPAL--NOMBRE PERSONAL
Nombre de persona Alemán Falcón, Jesús A.
100 1# - ASIENTO PRINCIPAL--NOMBRE PERSONAL
Filiación jesus.aleman@ulpgc.es
100 1# - ASIENTO PRINCIPAL--NOMBRE PERSONAL
Nombre de persona Marchena Gómez, Rosa
100 1# - ASIENTO PRINCIPAL--NOMBRE PERSONAL
Nombre de persona Santana Hernández, Rafael
245 13 - MENCIÓN DE TÍTULO
Título El contexto familiar del alumnado en riesgo de abandono escolar temprano según la tipología familiar
Medio [recurso electrónico en línea]
520 3# - NOTA DE RESUMEN, ETC.
Sumario, etc. La problemática del Abandono Escolar Temprano (AET) es actualmente una de las mayores preocupaciones para las distintas administraciones educativas españolas. En este artículo pretendemos dar a conocer la percepción que tiene el alumnado en riesgo o no de abandono escolar temprano sobre las competencias personales del padre y de la madre, la supervisión educativa así como de la comunicación con ellos. Asimismo examinaremos qué dimensiones del contexto familiar predicen el riesgo de abandono escolar temprano según la tipología familiar. Esto nos va a permitir poner en marcha en los centros escolares programas de educación parental, basados en evidencias, que promuevan en los padres y las madres las competencias parentales y contribuya a disminuir el riesgo de AET. La muestra se compone de un total de 3574 alumnos/as de Educación Secundaria Obligatoria de las Islas Canarias y de 2229 familias de estos alumnos/as. Para la recogida de datos se han empleado en esta investigación diferentes escalas: competencias parentales, comunicación padres-madres/hijos-hijas y supervisión parental. De los resultados obtenidos acerca de cómo percibe el alumnado las competencias parentales tanto del padre como de la madre, se constata que el alumnado en riesgo de AET, a diferencia del que no lo está, informa que ambos progenitores tienen menos competencias en desarrollo personal y resiliencia y en organización del escenario educativo familiar y competencia educativa. Asimismo, dicho alumnado también señala que tiene una mayor comunicación violenta con ambos padres, así como una menor comunicación abierta con la madre. Por su parte, los padres y las madres de los/las hijos/as que están en riesgo de AET, informan de llevar a cabo una menor supervisión educativa sobre sus hijos/as.
541 ## - NOTA DE FUENTE DE ADQUISICIÓN DIRECTA
Fuente de adquisición Acceso gratuito
650 #4 - ASIENTO SECUNDARIO DE MATERIA - TERMINO TEMATICO
9 (RLIN) 6083
Término de materia o nombre geográfico como elemento de entrada Deserción escolar
653 0# - TERMINO DE INDIZACION - NO CONTROLADO
Término no controlado Estudiantes en riesgo
653 0# - TERMINO DE INDIZACION - NO CONTROLADO
Término no controlado Educación parental
653 0# - TERMINO DE INDIZACION - NO CONTROLADO
Término no controlado Competencias parentales
773 ## - ENLACE AL DOCUMENTO FUENTE/ENTRADA DE REGISTRO ANFITRIÓN
Parte(s) relacionada(s) Vol. 19, no. 3 (2015), p. 246-263
Título Profesorado : revista de currículum y formación del profesorado
Número Internacional Normalizado para Publicaciones Seriadas 1989-639X
856 4# - LOCALIZACIÓN Y ACCESO ELECTRÓNICOS
Identificador Uniforme del Recurso <a href="https://revistaseug.ugr.es/index.php/profesorado/article/view/18882">https://revistaseug.ugr.es/index.php/profesorado/article/view/18882</a>
902 ## - ELEMENTOS DE DATOS B LOCAL, LDB (RLIN)
Modificó Leonor Sotres/241123
905 ## - TIPO DE MATERIAL
Tipo de material Articulo
942 ## - ELEMENTOS DE PUNTO DE ACCESO ADICIONAL (KOHA)
Tipo de ítem Koha Artículo Electrónico
Holdings
Estado de retiro Estado de pérdida Estado dañado No para préstamo Código de colección Localización permanente Ubicación/localización actual Ubicación en estantería Fecha de adquisición Total de préstamos Fecha visto por última vez Identificador Uniforme del Recurso Precio válido a partir de Tipo de ítem Koha
        Acceso abierto Bib. Gregorio Torres Quintero Bib. Gregorio Torres Quintero En línea 24/11/2023   24/11/2023 https://revistaseug.ugr.es/index.php/profesorado/article/view/18882 24/11/2023 Artículo Electrónico